[Event "RUS-chB U16"]
[Site "Dagomys"]
[Date "2009.04.23"]
[Round "9"]
[White "Lyushin, Maxim"]
[Black "Kriukov, Sergey"]
[Result "0-1"]
[WhiteElo "1909"]
[BlackElo "2034"]
[PlyCount "94"]
[EventDate "2009.04.15"]
[EventType "swiss"]
[EventRounds "9"]
[EventCountry "RUS"]
[SourceTitle "EXT 2010"]
[Source "ChessBase"]
[SourceDate "2010.11.25"]
[SourceVersion "1"]
[SourceVersionDate "2010.11.25"]
[SourceQuality "1"]

1. e4 d5 2. exd5 Nf6 3. c4 c6 4. d4 cxd5 5. Nc3 e6 6. Nf3 Nc6 7. Be3 Be7 8. a3 0-0 9. c5 Ne4 10. Qc2 f5 11. Bd3 Bf6 12. Ne2 Bd7 13. b4 a6 14. 0-0 g5 15. h3 Be8 16. Rad1 Bg6 17. g3 Bh5 18. Nh2 Qc7 19. Bxe4 fxe4 20. g4 Bg6 21. Qd2 h6 22. h4 Qe7 23. hxg5 hxg5 24. f4 gxf4 25. Bxf4 Rad8 26. Bd6 Rxd6 27. cxd6 Qxd6 28. g5 Bg7 29. Rxf8+ Qxf8 30. Rf1 Qd6 31. Kg2 e5 32. Ng4 e3 33. Qxe3 Be4+ 34. Kg1 exd4 35. Qf4 Qxf4 36. Nxf4 d3 37. Nf6+ Bxf6 38. gxf6 Ne5 39. Ne6 d2 40. Ng5 Nf3+ 41. Kf2 Nxg5 42. Ke2 Nf3 43. Kd1 Kf7 44. Rh1 Kxf6 45. Rh6+ Ke5 46. Rb6 d4 47. a4 Bd5 0-1

[Event "Perm op 07-C"]
[Site "Perm"]
[Date "2007.07.23"]
[Round "3"]
[White "Goldshtein, Grigory"]
[Black "Kriukov, Sergey"]
[Result "0-1"]
[WhiteElo "1960"]
[BlackElo "2007"]
[PlyCount "58"]
[EventDate "2007.07.20"]
[EventType "swiss"]
[EventRounds "8"]
[EventCountry "RUS"]
[SourceTitle "EXT 2022"]
[Source "ChessBase"]
[SourceDate "2021.10.06"]
[SourceVersion "1"]
[SourceVersionDate "2021.10.06"]
[SourceQuality "1"]

1. e4 e5 2. Nf3 Nc6 3. Bc4 Bc5 4. c3 Nf6 5. d4 exd4 6. e5 d5 7. Bb5 Ne4 8. cxd4 Bb4+ 9. Nbd2 Bd7 10. Be2 0-0 11. 0-0 Nxd2 12. Bxd2 Bxd2 13. Qxd2 Bf5 14. Rac1 Qe7 15. Rc5 Rfd8 16. Rfc1 Rac8 17. b4 a6 18. b5 axb5 19. Bxb5 Na7 20. Bd3 Bxd3 21. Qxd3 c6 22. Qd2 b6 23. R5c2 c5 24. h4 c4 25. Rb1 b5 26. Qb4 Qxb4 27. Rxb4 Kf8 28. Nd2 Nc6 29. Rbb2 Nxd4 0-1

[Event "Perm op 06-B"]
[Site "Perm"]
[Date "2007.06.25"]
[Round "5"]
[White "Kohanov, Boris"]
[Black "Kriukov, Sergey"]
[Result "1-0"]
[WhiteElo "1970"]
[BlackElo "1972"]
[PlyCount "101"]
[EventDate "2007.06.20"]
[EventType "swiss"]
[EventRounds "8"]
[EventCountry "RUS"]
[SourceTitle "EXT 2022"]
[Source "ChessBase"]
[SourceDate "2021.10.06"]
[SourceVersion "1"]
[SourceVersionDate "2021.10.06"]
[SourceQuality "1"]

1. e4 e6 2. d4 d5 3. exd5 exd5 4. Bd3 Nf6 5. Ne2 Bg4 6. f3 Be6 7. 0-0 c5 8. c3 Nc6 9. Re1 Bd6 10. Bf4 cxd4 11. Bxd6 dxc3 12. Nbxc3 Qxd6 13. Qa4 0-0 14. Rad1 a6 15. Bb1 Ne5 16. Ng3 Nc4 17. Qxc4 Qxg3 18. Qd4 Qc7 19. Ne2 Rac8 20. Rc1 Qd7 21. Qd3 Rc4 22. b3 Rh4 23. g3 Rh5 24. Nf4 Rh6 25. Qd4 Qd6 26. Re3 Nh5 27. Ne2 f5 28. Rec3 f4 29. g4 Bxg4 30. fxg4 f3 31. gxh5 fxe2 32. Re3 Re6 33. Re1 Rf2 34. Rg3 Ref6 35. Qxf2 Rxf2 36. Kxf2 Qe5 37. Reg1 Kf8 38. Re1 Qxh5 39. Rf3+ Kg8 40. Rxe2 Qxh2+ 41. Ke1 Qh1+ 42. Rf1 Qh4+ 43. Kd2 Qd4+ 44. Bd3 Qb2+ 45. Ke1 Qc3+ 46. Rd2 h5 47. Rf5 h4 48. Rxd5 h3 49. Bc4 Qe3+ 50. Re2 Qg3+ 51. Kd2 1-0

[Event "Perm Elo op-B"]
[Site "Perm"]
[Date "2007.05.08"]
[Round "8"]
[White "Kriukov, Sergey"]
[Black "Kashin, Yury"]
[Result "1-0"]
[WhiteElo "1972"]
[BlackElo "2033"]
[PlyCount "69"]
[EventDate "2007.04.25"]
[EventType "swiss"]
[EventRounds "9"]
[EventCountry "RUS"]
[SourceTitle "EXT 2010"]
[Source "ChessBase"]
[SourceDate "2010.11.25"]
[SourceVersion "1"]
[SourceVersionDate "2010.11.25"]
[SourceQuality "1"]

1. d4 e6 2. c4 d5 3. Nc3 f5 4. Nf3 Nf6 5. Bg5 c6 6. e3 Bd6 7. Ne5 0-0 8. Qc2 Qe8 9. Bxf6 gxf6 10. Nf3 a6 11. c5 Bc7 12. Bd3 Kh8 13. 0-0-0 b6 14. cxb6 Bxb6 15. h3 e5 16. Bxf5 Bxf5 17. Qxf5 e4 18. Nh4 Nd7 19. f3 exf3 20. Qxf3 Ba5 21. Rhe1 Bxc3 22. bxc3 Qe7 23. Kd2 Nb6 24. Ke2 Nc4 25. Nf5 Qa3 26. Kf1 Qxa2 27. Re2 Qa5 28. Qg4 Ra7 29. e4 Qxc3 30. exd5 cxd5 31. Kg1 Qa5 32. Rde1 Qd8 33. Re7 Rxe7 34. Rxe7 Rg8 35. Rxh7+ 1-0

[Event "Perm Elo op-B"]
[Site "Perm"]
[Date "2007.05.03"]
[Round "5"]
[White "Kriukov, Sergey"]
[Black "Kushka, Alena"]
[Result "1-0"]
[WhiteElo "1972"]
[BlackElo "1845"]
[PlyCount "61"]
[EventDate "2007.04.25"]
[EventType "swiss"]
[EventRounds "9"]
[EventCountry "RUS"]
[SourceTitle "EXT 2010"]
[Source "ChessBase"]
[SourceDate "2010.11.25"]
[SourceVersion "1"]
[SourceVersionDate "2010.11.25"]
[SourceQuality "1"]

1. d4 c5 2. d5 g6 3. d6 Bg7 4. Nf3 Nc6 5. c3 exd6 6. Qxd6 Qe7 7. Bf4 b6 8. Na3 Ba6 9. e3 Bxf1 10. Rxf1 Qxd6 11. Bxd6 0-0-0 12. 0-0-0 Nf6 13. Ng5 Rde8 14. Nxf7 Rhg8 15. Bf4 Re6 16. Nd6+ Kd8 17. Nab5 Bf8 18. h3 a6 19. Nb7+ Kc8 20. N5d6+ Bxd6 21. Nxd6+ Kd8 22. Rd3 Ne4 23. Nxe4 Rxe4 24. Rfd1 Rg7 25. Rd6 Kc8 26. f3 Re8 27. e4 g5 28. Be3 Kc7 29. R1d5 Re6 30. Rxe6 dxe6 31. Rxg5 1-0

[Event "Perm Elo op-B"]
[Site "Perm"]
[Date "2007.04.25"]
[Round "1"]
[White "Kriukov, Sergey"]
[Black "Artemenko, Rimma"]
[Result "1-0"]
[WhiteElo "1972"]
[BlackElo "1688"]
[PlyCount "49"]
[EventDate "2007.04.25"]
[EventType "swiss"]
[EventRounds "9"]
[EventCountry "RUS"]
[SourceTitle "EXT 2010"]
[Source "ChessBase"]
[SourceDate "2010.11.25"]
[SourceVersion "1"]
[SourceVersionDate "2010.11.25"]
[SourceQuality "1"]

1. d4 Nf6 2. c4 g6 3. Nc3 d5 4. Bg5 e6 5. e3 c6 6. Nf3 Bg7 7. Ne5 0-0 8. Be2 Qc7 9. h4 Ne4 10. Bf4 Nxc3 11. bxc3 Bxe5 12. Bxe5 Qa5 13. Qc2 Nd7 14. Bd6 Re8 15. h5 f5 16. hxg6 hxg6 17. f4 Nf6 18. Bf3 dxc4 19. g4 Nd5 20. Rc1 Qd8 21. Qh2 Nf6 22. Qh8+ Kf7 23. Rh7+ Nxh7 24. Qxh7+ Kf6 25. g5# 1-0

[Event "Perm op 03"]
[Site "Perm"]
[Date "2007.03.16"]
[Round "3"]
[White "Kriukov, Sergey"]
[Black "Bikmukhametov, Albert"]
[Result "0-1"]
[WhiteElo "1972"]
[BlackElo "2001"]
[PlyCount "54"]
[EventDate "2007.03.14"]
[EventType "swiss"]
[EventRounds "8"]
[EventCountry "RUS"]
[SourceTitle "EXT 2022"]
[Source "ChessBase"]
[SourceDate "2021.10.06"]
[SourceVersion "1"]
[SourceVersionDate "2021.10.06"]
[SourceQuality "1"]

1. c4 f5 2. e4 fxe4 3. d3 Nf6 4. dxe4 e5 5. f4 Nc6 6. Nf3 Bb4+ 7. Bd2 Qe7 8. Bd3 Bc5 9. Nc3 a5 10. Qe2 0-0 11. Rf1 Nd4 12. Nxd4 Bxd4 13. fxe5 Bxe5 14. a3 d6 15. 0-0-0 Bg4 16. Nd5 Qd7 17. Rf3 Bxf3 18. gxf3 Nxd5 19. exd5 Rae8 20. Qg2 Bf4 21. Rg1 Bxd2+ 22. Kxd2 Rf7 23. h4 Qe7 24. h5 Qe3+ 25. Kc2 Qxf3 26. Qxf3 Rxf3 27. h6 g6 0-1

[Event "Perm op 03"]
[Site "Perm"]
[Date "2007.03.14"]
[Round "1"]
[White "Kriukov, Sergey"]
[Black "Goldshtein, Grigory"]
[Result "0-1"]
[WhiteElo "2037"]
[BlackElo "2185"]
[PlyCount "25"]
[EventDate "2007.03.14"]
[EventType "swiss"]
[EventRounds "8"]
[EventCountry "RUS"]
[SourceTitle "EXT 2022"]
[Source "ChessBase"]
[SourceDate "2021.10.06"]
[SourceVersion "1"]
[SourceVersionDate "2021.10.06"]
[SourceQuality "1"]

1. d4 f5 2. c4 Nf6 3. Nc3 g6 4. g3 Bg7 5. Bg2 0-0 6. Nf3 e6 7. 0-0 Qe8 8. Qb3 Na6 9. Re1 c5 10. d5 h6 11. Be3 Nc7 12. Nd2 g5 13. f4 0-1